000 00854nam a2200229 a 4500
001 000021172
005 20200930011244.0
008 100901s1905 sp r 000 0 spa d
040 _aDO-SdBNP
_bspa
_cBNPHU
041 1 7 _aspa
_h[fre]
_2Código de idioma MARC
082 _a153.1
_bB588m
100 1 _aBiervliet, Jules-Jean Van,
_944261
245 1 3 _aLa memoria /
_cJ. J. Van Biervliet ; traducido por Martín Navarro.
260 _aMadrid :
_bEl Zorro,
_c1905.
300 _a404 p. ;
_c19 cm.
490 1 _aBiblioteca internacional de Psicología experimental normal y patológica
504 _aIncluye referencias bibliográficas y notas al pie de las páginas.
650 4 _aMemoria
_940852
700 1 _aNavarro, Martín,
_etr.
_944262
830 0 _aBiblioteca internacional de Psicología experimental normal y patológica
_944263
049 _aBNGR
999 _c20673
_d20673